00417nam a2200157Ia 4500003000400000008004100004040001600045082001300061100002100074245005000095260004200145300001000187490002500197650001500222650002200237GCL140319s9999 xx 000 0 eng d aGCL / cGCL04a843bD C1 aDUMAS, ALEXANDRE10aLE COMTE DE MONTE-CRISTO / cDUMAS, ALEXANDRE a[S.N] : bLE LIVRE DE POCHE ، c1995 a796 P aLE LIVRE DE POCHEv004aLITERATURE04aFRENCH LITERATURE